The noble scholar, jurist, historian


 His Excellency Dr. Abdul Wahhab bin Ibrahim Abu Sulaiman, may Allah have mercy on him.


 He was born in Umm Al-Qura in the year 1356 AH.

مقاصد الشريعة الإسلامية وقضايا العصر : (Record no. 5868)

MARC details
000 -LEADER
fixed length control field 01443cam a22002771ia4500
003 - CONTROL NUMBER IDENTIFIER
control field Ost
005 - DATE AND TIME OF LATEST TRANSACTION
control field 20250212104231.0
008 - FIXED-LENGTH DATA ELEMENTS--GENERAL INFORMATION
fixed length control field 250212s2010 ua g 00010 ara c
035 ## - SYSTEM CONTROL NUMBER
System control number 275843
040 ## - CATALOGING SOURCE
Original cataloging agency MUFTI
Language of cataloging ara
Transcribing agency SA-RiAUC
Description conventions rda
082 04 - DEWEY DECIMAL CLASSIFICATION NUMBER
Classification number 250
Assigning agency SA-RiAUC
090 ## - LOCALLY ASSIGNED LC-TYPE CALL NUMBER (OCLC); LOCAL CALL NUMBER (RLIN)
Classification number (OCLC) (R) ; Classification number, CALL (RLIN) (NR) 250
Local cutter number (OCLC) ; Book number/undivided call number, CALL (RLIN) م ص ر
110 1# - MAIN ENTRY--CORPORATE NAME
Corporate name or jurisdiction name as entry element مصر.
Subordinate unit المجلس الأعلى للشؤون الإسلامية.
-- مؤتمر
Number of part/section/meeting (22 :
Date of meeting or treaty signing 2010 :
Location of meeting القاهرة)
245 10 - TITLE STATEMENT
Title مقاصد الشريعة الإسلامية وقضايا العصر :
Remainder of title بحوث ووقائع المؤتمر العام الثاني والعشرين للمجلس الأعلي للشئون الإسلامية المنعقد بالقاهرة في الفترة من 8-11 ربيع الأول 1431 هـ/ 22-25 فبراير 2010 م /
Statement of responsibility, etc. إشراف وتقديم محمود حمدي زقزوق.
264 #1 - PRODUCTION, PUBLICATION, DISTRIBUTION, MANUFACTURE, AND COPYRIGHT NOTICE
Place of production, publication, distribution, manufacture القاهرة :
Name of producer, publisher, distributor, manufacturer المجلس الأعلي للشئون الإسلامية،
Date of production, publication, distribution, manufacture, or copyright notice 2010
300 ## - PHYSICAL DESCRIPTION
Extent 2 مجلد ؛‏
Dimensions 27 سم
336 ## - CONTENT TYPE
Content type term نص
Content type code txt
Source rdacontent
Materials specified كتاب
337 ## - MEDIA TYPE
Media type term بدون وسيط
Media type code n
Source rdamedia
338 ## - CARRIER TYPE
Carrier type term مجلد
Carrier type code nc
Source rdacarrier
500 ## - GENERAL NOTE
General note اهداء من اللاستاذ الدكتور فؤاد عبدالمنعم أحمد
650 #7 - SUBJECT ADDED ENTRY--TOPICAL TERM
Topical term or geographic name entry element مقاصد الشريعة
Source of heading or term aucsh
650 #7 - SUBJECT ADDED ENTRY--TOPICAL TERM
Topical term or geographic name entry element أصول الفقه الإسلامي
Source of heading or term aucsh
700 1# - ADDED ENTRY--PERSONAL NAME
Personal name زقزوق، محمود حمدي،
Dates associated with a name 1933-
Relator term مشرف.
942 ## - ADDED ENTRY ELEMENTS (KOHA)
Source of classification or shelving scheme Dewey Decimal Classification
Koha item type Books
Suppress in OPAC No
949 ## - LOCAL PROCESSING INFORMATION (OCLC)
a SA-JeALM
d 250212
u eid123
n 1
Holdings
Withdrawn status Lost status Source of classification or shelving scheme Materials specified (bound volume or other part) Damaged status Not for loan Collection Home library Current library Date acquired Total checkouts Full call number Barcode Date last seen Price effective from Koha item type
    Dewey Decimal Classification الجزء الاول     اهداء DR AbdElwahab Library DR AbdElwahab Library 02/12/2025   250 م ص ر 000009811 02/12/2025 02/12/2025 Books
    Dewey Decimal Classification الجزء الثاني     اهداء DR AbdElwahab Library DR AbdElwahab Library 02/12/2025   250 م ص ر 000009812 02/12/2025 02/12/2025 Books